The Power of Now: A Guide To Spiritual Enlightenment (Record no. 10973)

MARC details
000 -LEADER
fixed length control field 00424nam a22001697a 4500
003 - CONTROL NUMBER IDENTIFIER
control field OSt
008 - FIXED-LENGTH DATA ELEMENTS--GENERAL INFORMATION
fixed length control field 210814b ||||| |||| 00| 0 eng d
020 ## - INTERNATIONAL STANDARD BOOK NUMBER
International Standard Book Number 9788190105910
082 ## - DEWEY DECIMAL CLASSIFICATION NUMBER
Classification number 158.1
Item number TOP
100 G# - MAIN ENTRY--PERSONAL NAME
Personal name TOLLE, Eckhart
245 ## - TITLE STATEMENT
Title The Power of Now: A Guide To Spiritual Enlightenment
250 ## - EDITION STATEMENT
Edition statement Rep
260 ## - PUBLICATION, DISTRIBUTION, ETC. (IMPRINT)
Place of publication, distribution, etc Mumbai
Name of publisher, distributor, etc Yogi Impressions
Date of publication, distribution, etc 2020
300 ## - PHYSICAL DESCRIPTION
Extent 192
650 ## - SUBJECT ADDED ENTRY--TOPICAL TERM
Topical term or geographic name as entry element Motivational
942 ## - ADDED ENTRY ELEMENTS (KOHA)
Source of classification or shelving scheme Dewey Decimal Classification
Koha item type Text Books
942 ## - ADDED ENTRY ELEMENTS (KOHA)
-- 3
Holdings
Withdrawn status Lost status Source of classification or shelving scheme Damaged status Not for loan Collection code Home library Current library Date acquired Source of acquisition Currency Cost, normal purchase price Bill Number Total Checkouts Full call number Acc. no. / Barcode Checked out Date last seen Date last borrowed Actual Cost, discounted price Bill Date Koha item type Public note
    Dewey Decimal Classification     GENERAL PIET C-LIBRARY PIET C-LIBRARY 22/09/2021 Prism Books and Stationery Shop IN Rupees 499.00 IN274 6 158.1 TOP 33247 23/06/2026 05/12/2025 05/12/2025 399.20 22/09/2021 Text Books Motivational
    Dewey Decimal Classification     GENERAL PIET C-LIBRARY PIET C-LIBRARY 08/02/2024 Zafaa Books and Distributors In rupees 499.00 ZBD0370   158.1 TOP 35517   23/02/2024   349.08 08/02/2024 Reference Books  
    Dewey Decimal Classification     GENERAL PIET C-LIBRARY PIET C-LIBRARY 08/02/2024 Zafaa Books and Distributors In rupees 499.00 ZBD0370 2 158.1 TOP 35518   30/03/2026 16/03/2026 349.08 08/02/2024 Text Books  

Design & Developed by: PIET Central Library
R70 Miles Stone Pattikalyana Samalkha Panipat 132102
mail ID :- [email protected], Phone No:- 0180-2569700 Ex.216